00894 2200313 4500001002100000005001500021007000300036008004100039020002200080035002000102040001700122041000800139082000800147084001400155090001900169100002300188245009600211250001000307260003600317300004800353600001600401700002800417850001000445990002500455990002500480990002500505990002500530990002500555INLIS00000000000211920260603102216ta260603 0  a978-602-317-293-1 a0010-0120000562 aSBPUPADbind0 aind a297 a297 FAK k a297 FAK k T4-10 aFakhruddin Nursyam1 aKumpulan Khotbah Jumat Terbaik Sepanjang Masa /cFakhruddin Nursyam;Penyunting:Erlina Zachi aCet.1 aSurakarta :bZiyad Books,c2016 a480 hlm. ;c23 cmebibliografi, hlm 478-479 4aAgama Islam0 aPenyunting:Erlina Zachi aPUPAD a31.657/APBD/DPK/2019 a31.658/APBD/DPK/2019 a31.658/APBD/DPK/2019 a31.659/APBD/DPK/2019 a31.660/APBD/DPK/2019